Hoa lưu li không về

Bewaard in:
Bibliografische gegevens
Hoofdauteur: Từ, Kế Tường
Formaat: Boek
Taal:Undetermined
Gepubliceerd in: Thành phố Hồ Chí Minh Trẻ 2000
Onderwerpen:
Tags: Voeg label toe
Geen labels, Wees de eerste die dit record labelt!
Thư viện lưu trữ: Trung tâm Học liệu Trường Đại học Cần Thơ
LEADER 00503nam a2200169Ia 4500
001 CTU_42127
008 210402s9999 xx 000 0 und d
082 |a 895.9223 
082 |b T561h 
100 |a Từ, Kế Tường 
245 0 |a Hoa lưu li không về 
245 0 |c Từ Kế Tường 
260 |a Thành phố Hồ Chí Minh 
260 |b Trẻ 
260 |c 2000 
650 |a School fiction,Vietnamese fiction 
980 |a Trung tâm Học liệu Trường Đại học Cần Thơ